Nenne jeden EM-Halbfinalisten - Statistiken

Allgemein
  • Dieses Quiz wurde 388 mal gespielt
  • Das Durchschnittsergebnis liegt bei 59 aus 64
Antwortstatistiken
Hint Antwort % Korrekt
1972 Deutschland
100%
1976 Deutschland
100%
1980 Deutschland
100%
1988 Deutschland
100%
1992 Deutschland
100%
1996 Deutschland
100%
2008 Deutschland
100%
2012 Deutschland
100%
2016 Deutschland
100%
1964 Spanien
100%
1984 Spanien
100%
2008 Spanien
100%
2012 Spanien
100%
2021 Spanien
100%
1968 Italien
99%
1980 Italien
99%
1988 Italien
99%
2000 Italien
99%
2012 Italien
99%
2021 Italien
99%
1968 England
98%
1996 England
98%
2021 England
98%
1960 Frankreich
98%
1984 Frankreich
98%
1996 Frankreich
98%
2000 Frankreich
98%
2016 Frankreich
98%
1984 Portugal
97%
2000 Portugal
97%
2004 Portugal
97%
2012 Portugal
97%
2016 Portugal
97%
1964 Dänemark
96%
1984 Dänemark
96%
1992 Dänemark
96%
2021 Dänemark
96%
1976 Niederlande
95%
1988 Niederlande
95%
1992 Niederlande
95%
2000 Niederlande
95%
2004 Niederlande
95%
1992 Schweden
95%
1972 Belgien
94%
1980 Belgien
94%
2004 Griechenland
93%
2008 Russland
93%
1996 Tschechien
89%
2004 Tschechien
89%
2008 Türkei
87%
1964 Ungarn
84%
1972 Ungarn
84%
1960 Sowjetunion
79%
1964 Sowjetunion
79%
1968 Sowjetunion
79%
1972 Sowjetunion
79%
1988 Sowjetunion
79%
2016 Wales
78%
1960 Jugoslawien
76%
1968 Jugoslawien
76%
1976 Jugoslawien
76%
1960 Tschechoslowakei
64%
1976 Tschechoslowakei
64%
1980 Tschechoslowakei
64%
Keine übereinstimmenden Quizze gefunden
Verteilung der Resultate
Anzahl Personen mit jedem Resultat
Perzentil nach korrekt beantworteten Fragen
Ihre Resultats-Entwicklung
Sie haben dieses Quiz noch nicht gespielt